Nanotechnology for microelectronics and optoelectronics / (Record no. 566524)
[ view plain ]
| 000 -LEADER | |
|---|---|
| fixed length control field | 01235cam a22003497a 4500 |
| 001 - CONTROL NUMBER | |
| control field | 14806296 |
| 003 - CONTROL NUMBER IDENTIFIER | |
| control field | CEME |
| 005 - DATE AND TIME OF LATEST TRANSACTION | |
| control field | 20210628201557.0 |
| 008 - FIXED-LENGTH DATA ELEMENTS--GENERAL INFORMATION | |
| fixed length control field | 070412s2006 ne a b 001 0 eng d |
| 010 ## - LIBRARY OF CONGRESS CONTROL NUMBER | |
| LC control number | 2007533211 |
| 020 ## - INTERNATIONAL STANDARD BOOK NUMBER | |
| International Standard Book Number | 9780080445533 |
| 020 ## - INTERNATIONAL STANDARD BOOK NUMBER | |
| International Standard Book Number | 0080445535 |
| 035 ## - SYSTEM CONTROL NUMBER | |
| System control number | (OCoLC)ocm71018498 |
| 040 ## - CATALOGING SOURCE | |
| Original cataloging agency | HKP |
| Transcribing agency | HKP |
| Modifying agency | BAKER |
| -- | IXA |
| -- | YDXCP |
| -- | BOS |
| -- | DAY |
| -- | DLC |
| 042 ## - AUTHENTICATION CODE | |
| Authentication code | lccopycat |
| 050 00 - LIBRARY OF CONGRESS CALL NUMBER | |
| Classification number | T174.7 |
| Item number | .M36 2006 |
| 082 00 - DEWEY DECIMAL CLASSIFICATION NUMBER | |
| Classification number | 621.381 |
| Edition number | 22 |
| 100 1# - MAIN ENTRY--PERSONAL NAME | |
| Personal name | Martinez-Duart, J. M. J.M. Martínez-Duart, R.J. Martín-Palma, F. Agulló-Rueda. |
| 9 (RLIN) | 55911 |
| 245 10 - TITLE STATEMENT | |
| Title | Nanotechnology for microelectronics and optoelectronics / |
| 250 ## - EDITION STATEMENT | |
| Edition statement | 1st ed. |
| 260 ## - PUBLICATION, DISTRIBUTION, ETC. | |
| Place of publication, distribution, etc. | Amsterdam ; |
| -- | Boston : |
| Name of publisher, distributor, etc. | Elsevier, |
| Date of publication, distribution, etc. | c2006. |
| 300 ## - PHYSICAL DESCRIPTION | |
| Extent | xix, 279 p. : |
| Other physical details | ill. ; |
| Dimensions | 25 cm. |
| 504 ## - BIBLIOGRAPHY, ETC. NOTE | |
| Bibliography, etc. note | Includes bibliographical references and index. |
| 650 #0 - SUBJECT ADDED ENTRY--TOPICAL TERM | |
| Topical term or geographic name entry element | Nanotechnology. |
| 9 (RLIN) | 2826 |
| 650 #0 - SUBJECT ADDED ENTRY--TOPICAL TERM | |
| Topical term or geographic name entry element | Optoelectronics. |
| 9 (RLIN) | 55912 |
| 650 #0 - SUBJECT ADDED ENTRY--TOPICAL TERM | |
| Topical term or geographic name entry element | Microelectronics. |
| 9 (RLIN) | 36495 |
| 700 1# - ADDED ENTRY--PERSONAL NAME | |
| Fuller form of name | (Raúl J.) |
| 9 (RLIN) | 55913 |
| 700 1# - ADDED ENTRY--PERSONAL NAME | |
| Personal name | Agulló-Rueda, Fernando. |
| 9 (RLIN) | 55914 |
| 856 41 - ELECTRONIC LOCATION AND ACCESS | |
| Materials specified | Table of contents only |
| Uniform Resource Identifier | <a href="http://www.loc.gov/catdir/toc/fy0711/2007533211.html">http://www.loc.gov/catdir/toc/fy0711/2007533211.html</a> |
| 856 42 - ELECTRONIC LOCATION AND ACCESS | |
| Materials specified | Publisher description |
| Uniform Resource Identifier | <a href="http://www.loc.gov/catdir/enhancements/fy0713/2007533211-d.html">http://www.loc.gov/catdir/enhancements/fy0713/2007533211-d.html</a> |
| 942 ## - ADDED ENTRY ELEMENTS (KOHA) | |
| Source of classification or shelving scheme | |
| Koha item type | Book |
| Withdrawn status | Lost status | Source of classification or shelving scheme | Damaged status | Not for loan | Permanent Location | Current Location | Shelving location | Date acquired | Total Checkouts | Full call number | Barcode | Date last seen | Price effective from | Koha item type |
|---|---|---|---|---|---|---|---|---|---|---|---|---|---|---|
| College of Electrical & Mechanical Engineering (CEME) | College of Electrical & Mechanical Engineering (CEME) | General Stacks | 03/13/2017 | 621.381 MAR | CEME-47424 | 06/28/2021 | 06/28/2021 | Book | ||||||
| College of Electrical & Mechanical Engineering (CEME) | College of Electrical & Mechanical Engineering (CEME) | General Stacks | 03/13/2017 | 621.381 MAR | CEME-47425 | 06/28/2021 | 06/28/2021 | Book |
